banner-ar

THE TALE OF GENJI / (Record no. 19617)

MARC details
000 -الفاتح
حقل البيانات ثابتة الطول 00535nam a2200205Ia 4500
008 - عناصر البيانات ثابتة الطول - معلومات عامة
حقل البيانات ثابتة الطول 140319s9999 xx 000 0 eng d
040 ## - مصدر الفهرسة
وكالة الفهرسة الأصلية GCL /
وكالة النسخ GCL
082 04 - رقم تصنيف ديوى العشرى
رقم التصنيف 895.6
رقم المادة P T
100 1# - المدخل الرئيسى - إسم شخصى
الإسم الشخصى PUETTE WILLIAM J
245 10 - بيان العنوان
العنوان THE TALE OF GENJI /
بيان المسئوليه,etc PUETTE WILLIAM J
700 1# - المدخل الاضافى - اسم شخصى
الإسم الشخصى SHIKIBA, MURASAKI
260 ## - PUBLICATION, DISTRIBUTION, ETC. (IMPRINT)
تاريخ النشر أو التوزيع 1983
300 ## - الوصف المادى
التعداد 196 P
490 ## - بيان السلسلة
عنوان السلسلة READER'S GUIDE
رقم المجلد/ التعيين التسلسلي 0
650 04 - المدخل الاضافى بالموضوع-مصطلح موضوعى
مصطلح موضوعي JAPAN
650 04 - المدخل الاضافى بالموضوع-مصطلح موضوعى
مصطلح موضوعي JAPAN - LITERATURE
650 04 - المدخل الاضافى بالموضوع-مصطلح موضوعى
مصطلح موضوعي LITERATURE - JAPAN
942 ## - عناصر المدخل الإضافي( كوها)
مصدر التصنيف او مخطط الترفيف Dewey Decimal Classification
Koha [default] item type كتاب
260 ## - PUBLICATION, DISTRIBUTION, ETC. (IMPRINT)
-- [S.N] :
-- CHARLES E. TUTTLE COMPANY ،
Holdings
حالة التراجع حالة الفقد حالة تلف ليس للاعارة المكان المؤقت الموقع الحالى تاريخ الاكتساب اجمالي اﻻعارات رقم الطلب الباركود تاريخ اخر مشاهدة تاريخ تفعيل السعر نوع وعاء كوها
        مكتبة القاهرة الكبرى مكتبة القاهرة الكبرى 03/26/2014   895.6\P T 37297 03/26/2014 03/26/2014 كتاب

Powered By

EGPV